• 首页
  • 本馆介绍
  • 公告通知
  • 最新文献
  • 馆藏检索
  • 电子资源
  • 读者导购
  • 参考咨询
  • 我的图书馆
  • 登录
  • 详细信息显示
  • 放入我的书架
  • 预约/预借图书
  • 作者相关作品
  • 分类相关作品
  • 丛书相关作品
  • 出版社相关作品

书目信息

  • 表格格式
  • 工作单格式
  • 卡片格式
题名:
日语达人秀
    
 
作者: 贺静彬 , 邴胜 主编
分册:   留学口语
出版信息: 大连   大连出版社  2013.01
页数: 206页
开本: 24cm
丛书名:
单 册:
中图分类: H369.9
科图分类:
主题词: 日语--口语
电子资源:
ISBN: 978-7-5505-0377-9
000 00981nam 2200253 450
001 2359961749
005 20231211203442.70
010    @a978-7-5505-0377-9@d32.00CNY
010    @a978-7-88353-597-3@b光盘
100    @a20121017d2013 em y0chiy50 ea
101 0  @achi@ajpn
102    @aCN@b210000
105    @aak z 000yy
200 1  @a日语达人秀@Ari yu da ren xiu@i留学口语@f主编贺静彬, 邴胜
210    @a大连@c大连出版社@d2013.01
215    @a206页@c图@d24cm@e光盘1片
330    @a本书可以助你在中国“日语达人秀”的舞台上实现成为“留学口语达人”的梦想! 在这本书中, 你可以尽情地将自己想象为书中的“小菜鸟”, 跟随“留学达人”带着“目标任务”, 通过对“情景会话”、“单词·表达”等的学习, 挑战“达人闯关”, 通过层层关卡, 从“菜鸟”进化成“达人”。
517 1  @a留学口语@Aliu xue kou yu
606 0  @a日语@x口语
690    @aH369.9@v5
701  0 @a贺静彬@Ahe jing bin@4主编
701  0 @a邴胜@Abing sheng@4主编
801  0 @aCN@b湖北三新@c20121222
905    @aBZT@dH369.9@e11:2
    
    日语达人秀.留学口语/主编贺静彬, 邴胜.-大连:大连出版社,2013.01
    206页:图;24cm+光盘1片
    
    
    ISBN 978-7-5505-0377-9:32.00CNY
    本书可以助你在中国“日语达人秀”的舞台上实现成为“留学口语达人”的梦想! 在这本书中, 你可以尽情地将自己想象为书中的“小菜鸟”, 跟随“留学达人”带着“目标任务”, 通过对“情景会话”、“单词·表达”等的学习, 挑战“达人闯关”, 通过层层关卡, 从“菜鸟”进化成“达人”。
●
相关链接 在五车中查询图书 在当当中查询图书 在豆瓣中查询图书


正题名:日语达人秀     索取号:H369.9/11:2         预约/预借

序号 登录号 条形码 馆藏地/架位号 状态 备注
1 2001590759   2001590759   辽三/辽宁北配(第三批)/2001/ [索取号:H369.9/11:2] 在馆    
2 2001590760   2001590760   辽三/辽宁北配(第三批)/2001/ [索取号:H369.9/11:2] 在馆    
3 2001590761   2001590761   辽三/辽宁北配(第三批)/2002/ [索取号:H369.9/11:2] 在馆    
4 2001590762   2001590762   辽三/辽宁北配(第三批)/2002/ [索取号:H369.9/11:2] 在馆    
5 2001590763   2001590763   辽三/辽宁北配(第三批)/2002/ [索取号:H369.9/11:2] 在馆    
6 2001590764   2001590764   辽三/辽宁北配(第三批)/2002/ [索取号:H369.9/11:2] 在馆    
7 2001590765   2001590765   辽三/辽宁北配(第三批)/2002/ [索取号:H369.9/11:2] 在馆    
8 2001590766   2001590766   辽三/辽宁北配(第三批)/2002/ [索取号:H369.9/11:2] 在馆    
9 2001590767   2001590767   辽三/辽宁北配(第三批)/2002/ [索取号:H369.9/11:2] 在馆    
10 2001590768   2001590768   辽三/辽宁北配(第三批)/2002/ [索取号:H369.9/11:2] 在馆    
11 2001590769   2001590769   辽三/辽宁北配(第三批)/2002/ [索取号:H369.9/11:2] 在馆    
12 2001590770   2001590770   辽三/辽宁北配(第三批)/2002/ [索取号:H369.9/11:2] 在馆    
13 2001590771   2001590771   辽三/辽宁北配(第三批)/2002/ [索取号:H369.9/11:2] 在馆    
14 2001590772   2001590772   辽三/辽宁北配(第三批)/2002/ [索取号:H369.9/11:2] 在馆    
15 2001590773   2001590773   辽三/辽宁北配(第三批)/2002/ [索取号:H369.9/11:2] 在馆    
16 2001590774   2001590774   辽三/辽宁北配(第三批)/2002/ [索取号:H369.9/11:2] 在馆    
17 2001590775   2001590775   辽三/辽宁北配(第三批)/2002/ [索取号:H369.9/11:2] 在馆    
18 2001590776   2001590776   辽三/辽宁北配(第三批)/2002/ [索取号:H369.9/11:2] 在馆    
19 2001590777   2001590777   辽三/辽宁北配(第三批)/2002/ [索取号:H369.9/11:2] 在馆    
20 2001590778   2001590778   辽三/辽宁北配(第三批)/2002/ [索取号:H369.9/11:2] 在馆    
21 2001590779   2001590779   辽三/辽宁北配(第三批)/2002/ [索取号:H369.9/11:2] 在馆    
22 2001590780   2001590780   辽三/辽宁北配(第三批)/2002/ [索取号:H369.9/11:2] 在馆    
23 2001590781   2001590781   辽三/辽宁北配(第三批)/2002/ [索取号:H369.9/11:2] 在馆    
24 2001590782   2001590782   辽三/辽宁北配(第三批)/2002/ [索取号:H369.9/11:2] 在馆    
25 2001590783   2001590783   辽三/辽宁北配(第三批)/2002/ [索取号:H369.9/11:2] 在馆    
26 2001590784   2001590784   辽三/辽宁北配(第三批)/2002/ [索取号:H369.9/11:2] 在馆    
27 2001590785   2001590785   辽三/辽宁北配(第三批)/2002/ [索取号:H369.9/11:2] 在馆    
28 2001590786   2001590786   辽三/辽宁北配(第三批)/2002/ [索取号:H369.9/11:2] 在馆    
29 2001590787   2001590787   辽三/辽宁北配(第三批)/2002/ [索取号:H369.9/11:2] 在馆    
30 2001590788   2001590788   辽三/辽宁北配(第三批)/2002/ [索取号:H369.9/11:2] 在馆    
山东省滨州职业学院图书馆 欢迎您!
大连网信软件有限公司© 版权所有